REITs in China (Record no. 116232)

MARC details
000 -LEADER
fixed length control field 01252cam a22002895a 4500
001 - CONTROL NUMBER
control field L160117
008 - FIXED-LENGTH DATA ELEMENTS--GENERAL INFORMATION
fixed length control field 170725s2016 xxk f 000 0 eng d
035 ## - SYSTEM CONTROL NUMBER
System control number (Sirsi) u160117
041 0# - LANGUAGE CODE
Language code of text/sound track or separate title eng
110 2# - MAIN ENTRY--CORPORATE NAME
Corporate name or jurisdiction name as entry element Royal Institution of Chartered Surveyors
9 (RLIN) 4900
245 00 - TITLE STATEMENT
Title REITs in China
Remainder of title Opportunities and challenges
Medium [electronic resource]
246 ## - VARYING FORM OF TITLE
Title proper/short title 探索中国房地产投资信托(REITs) : 机遇与挑战
260 ## - PUBLICATION, DISTRIBUTION, ETC.
Place of publication, distribution, etc. London
Name of publisher, distributor, etc. RICS
Date of publication, distribution, etc. 2016
490 #0 - SERIES STATEMENT
Series statement RICS Research
520 ## - SUMMARY, ETC.
Summary, etc. Aims to compare the Real Estate Investment Trusts (REITS) in HK, China and Singapore in terms of regulation, taxation, costs and returns. As an important tool for facilitating real estate liquidity, the opportunity for the development of (REITs) in China has arrived.
590 ## - LOCAL NOTE (RLIN)
Local note NTK
650 24 - SUBJECT ADDED ENTRY--TOPICAL TERM
Topical term or geographic name entry element Commercial property
9 (RLIN) 6227
650 24 - SUBJECT ADDED ENTRY--TOPICAL TERM
Topical term or geographic name entry element PROPERTY-PROPERTY FINANCE AND INVESTMENT-REAL ESTATE INVESTMENT TRUSTS
650 24 - SUBJECT ADDED ENTRY--TOPICAL TERM
Topical term or geographic name entry element INVESTMENT
651 ## - SUBJECT ADDED ENTRY--GEOGRAPHIC NAME
Geographic name Singapore
651 #4 - SUBJECT ADDED ENTRY--GEOGRAPHIC NAME
Geographic name China
651 #4 - SUBJECT ADDED ENTRY--GEOGRAPHIC NAME
Geographic name Hong Kong
700 1# - ADDED ENTRY--PERSONAL NAME
Personal name Zhang, S.
700 1# - ADDED ENTRY--PERSONAL NAME
Personal name Yuan, Shirling
856 40 - ELECTRONIC LOCATION AND ACCESS
Uniform Resource Identifier <a href="https://www.rics.org/profession-standards/knowledge-and-information-services">https://www.rics.org/profession-standards/knowledge-and-information-services</a>
Public note email [email protected] to request a copy in either Mandarin or English
942 ## - ADDED ENTRY ELEMENTS (KOHA)
Suppress in OPAC 0
Source of classification or shelving scheme Dewey Decimal Classification
Holdings
Withdrawn status Lost status Damaged status Not for loan Home library Current library Shelving location Date acquired Total Checkouts Full call number Barcode Date last seen Copy number Price effective from Koha item type Public note
        Virtual Virtual Online 24/05/2018   SCAN 160117-2001 20/12/2023 1 06/08/2019 Online material Email [email protected] for a copy. Available in English and Mandarin